000 01328nam a2200205 a 4500
008 180524e2007 ag ||||g |||| 00| f spa d
020 _a9789502804460
041 _aspa
092 _c808
_l32
_sHAR
100 1 _aHarris, Joanne
_93958
245 _aZapatos de caramelo /
_cJoanne Harris
250 _a1a ed.
_bTraducción Margarita Cavándoli
260 _aBuenos Aires:
_bGrijalbo;
_c2007.
300 _a572 p.
500 _aHarris, J. (2007). Zapatos de caramelo. (1a ed.). Buenos Aires : Grijalbo.
505 _aCuatro años después de Chocolate, Yanne se ha instalado con sus hijas en una pequeña bombonería escondida en medio de Montmartre. Allí pretende vivir lejos de cualquier problema... y así es hasta que llega Zozie, que irrumpe en sus vidas como un huracán, con sus zapatos rojos y vestidos llamativos. Ayuda en la tienda, la pinta de arriba abajo, se convierte en la mejor amiga de todos.. o por lo menos eso es lo que parece. Zozie, tan despiadada como seductora, tiene sus propios planes: quiere apoderarse de la vida entera de Yanne que, para defender lo suyo, tendrá que renunciar a la discreción y luchar con todas sus armas contra una enemiga cuyos poderes son tan fuertes como los de ella misma.
590 _aDONACION Victoria Lara mayo 2018
655 _aLiteratura
_92917
942 _2ddc
_cLIT
999 _c2785
_d2785